00758nam a2200193 a 450000100100000000500170001000800410002704000250006810000380009324500910013126000620022230000200028449000370030449000280034183000390036983000340040895201050044299900170054700003645920200930075737.0120118s1966 mx 000 0 spa d aDO-SdBNPbspacBNPHU1 aMendieta Alatorre, Angeles92084510aTablada y la gran época de la transformacón cultural /cAngeles Mendieta Alatorre. aMéxico :bSecretaría de Educación Pública,c1966. a61 p. ;c17 cm.1 aCuadernos de lectura popularv191 aLa honda del espíritu 0aCuadernos de lectura popular99145 0aLa hona del espíritu962678 001050718MOaGRbGRcCTd2012-01-18iLF1l0o p36460-10r2020-06-25w2020-06-25y1ZNo se presta c35950d35950